[Event "BL2-Nord 0809"]
[Site "Germany"]
[Date "2008.11.30"]
[Round "3.7"]
[White "Schlemermeyer, Wilhelm"]
[Black "Heitmann, Timo"]
[Result "1-0"]
[WhiteElo "2265"]
[BlackElo "1975"]
[PlyCount "59"]
[EventDate "2008.10.05"]
[EventType "tourn"]
[EventRounds "9"]
[EventCountry "GER"]
[SourceTitle "CBM 129 Extra"]
[Source "ChessBase"]
[SourceDate "2009.05.05"]
[SourceVersion "2"]
[SourceVersionDate "2009.05.20"]
[SourceQuality "1"]
[WhiteTeam "Kreuzberg II"]
[BlackTeam "Uelzen Post"]
[WhiteTeamCountry "GER"]
[BlackTeamCountry "GER"]

1. g3 d5 2. Bg2 Nf6 3. Nf3 c6 4. c4 Bg4 5. Ne5 e6 6. Nxg4 Nxg4 7. cxd5 cxd5 8. 0-0 Nf6 9. d3 Bd6 10. e4 dxe4 11. dxe4 0-0 12. h3 Na6 13. Nc3 Re8 14. Kh2 Nc5 15. Qc2 Qe7 16. Re1 Nfd7 17. f4 a5 18. Be3 Bc7 19. Rad1 Rad8 20. e5 Kh8 21. a3 Na6 22. Ne4 Nb6 23. Ng5 g6 24. Bxb6 Bxb6 25. Qb3 Rxd1 26. Rxd1 Bc5 27. Nxf7+ Kg7 28. Ng5 h6 29. Ne4 Qc7 30. Nf6 1-0

[Event "BL2-Nord 0809"]
[Site "Germany"]
[Date "2008.10.26"]
[Round "2.7"]
[White "Heitmann, Timo"]
[Black "Bakker, Sven"]
[Result "0-1"]
[WhiteElo "1975"]
[BlackElo "2230"]
[PlyCount "80"]
[EventDate "2008.10.05"]
[EventType "tourn"]
[EventRounds "9"]
[EventCountry "GER"]
[SourceTitle "CBM 129 Extra"]
[Source "ChessBase"]
[SourceDate "2009.05.05"]
[SourceVersion "2"]
[SourceVersionDate "2009.05.20"]
[SourceQuality "1"]
[WhiteTeam "Uelzen Post"]
[BlackTeam "Hamburger SK II"]
[WhiteTeamCountry "GER"]
[BlackTeamCountry "GER"]

1. e4 c6 2. d4 d5 3. exd5 cxd5 4. Bd3 Nc6 5. c3 Qc7 6. h3 Bd7 7. Ne2 e5 8. dxe5 Nxe5 9. Bc2 Bd6 10. Nd4 Ne7 11. Nd2 f6 12. N2f3 a6 13. Qe2 0-0 14. 0-0 Rae8 15. Rd1 N7g6 16. Qf1 Bc5 17. Bb3 Ne7 18. Qe2 Kh8 19. Be3 b5 20. Qd2 Rd8 21. Re1 Nc4 22. Bxc4 dxc4 23. Qc2 Bd6 24. Rad1 Rfe8 25. Bc1 Ng6 26. Nf5 Bc5 27. N5d4 Bc8 28. Rxe8+ Rxe8 29. Qd2 Bb7 30. Re1 Ne5 31. Nxe5 fxe5 32. Nf5 Rf8 33. Ne3 Qc6 34. f3 e4 35. fxe4 Qxe4 36. Kh1 Qg6 37. Ng4 h5 38. Ne5 Qf5 39. Kh2 Bf2 40. Rd1 Qxe5+ 0-1

[Event "Lueneburg distr-ch Meisterturnier"]
[Site "Buchholz in der Nordheide"]
[Date "2007.10.29"]
[Round "4"]
[White "Wickert, Detlef"]
[Black "Heitmann, Timo"]
[Result "1-0"]
[WhiteElo "2000"]
[BlackElo "2010"]
[PlyCount "73"]
[EventDate "2007.10.27"]
[EventType "tourn"]
[EventRounds "9"]
[EventCountry "GER"]
[SourceTitle "EXT 2015"]
[Source "ChessBase"]
[SourceDate "2014.11.20"]
[SourceVersion "1"]
[SourceVersionDate "2014.11.20"]
[SourceQuality "1"]

1. e4 e5 2. Nf3 Nc6 3. Bc4 Bc5 4. c3 Nf6 5. d3 d6 6. b4 Bb6 7. a4 a6 8. 0-0 0-0 9. Qb3 Ne7 10. Nbd2 Ng6 11. d4 Qe7 12. Re1 Nh5 13. Nf1 Nh4 14. Nxh4 Qxh4 15. g3 Qh3 16. Be3 Ba7 17. dxe5 dxe5 18. Bxa7 Rxa7 19. Ne3 Nf6 20. Bf1 Qe6 21. Qxe6 Bxe6 22. Nc4 Nd7 23. a5 f6 24. Rad1 Kf7 25. Rd2 Ke7 26. Red1 Raa8 27. Ne3 Rad8 28. Nd5+ Bxd5 29. exd5 Nb8 30. Bg2 Rd7 31. c4 Rfd8 32. Bh3 Rd6 33. c5 R6d7 34. Bxd7 Rxd7 35. Re2 Nc6 36. Re4 Nd4 37. Rdxd4 1-0

[Event "Niedersachsen-ch U18"]
[Site "Rotenburg/Wuemme"]
[Date "2007.04.06"]
[Round "9"]
[White "Vogel, Christopher"]
[Black "Heitmann, Timo"]
[Result "1/2-1/2"]
[WhiteElo "1809"]
[BlackElo "1941"]
[PlyCount "20"]
[EventDate "2007.03.31"]
[EventType "swiss"]
[EventRounds "9"]
[EventCountry "GER"]
[SourceTitle "EXT 2008"]
[Source "ChessBase"]
[SourceDate "2007.11.25"]
[SourceVersion "1"]
[SourceVersionDate "2007.11.25"]
[SourceQuality "1"]

1. d4 d5 2. c4 c6 3. Nc3 Nf6 4. Nf3 a6 5. c5 Nbd7 6. Bf4 Nh5 7. e3 g6 8. h3 Nxf4 9. exf4 Qc7 10. g3 Bg7 1/2-1/2

[Event "Niedersachsen-ch U18"]
[Site "Rotenburg/Wuemme"]
[Date "2007.04.05"]
[Round "7"]
[White "Heitmann, Timo"]
[Black "Borrink, Joern"]
[Result "0-1"]
[WhiteElo "1941"]
[BlackElo "1940"]
[PlyCount "60"]
[EventDate "2007.03.31"]
[EventType "swiss"]
[EventRounds "9"]
[EventCountry "GER"]
[SourceTitle "EXT 2008"]
[Source "ChessBase"]
[SourceDate "2007.11.25"]
[SourceVersion "1"]
[SourceVersionDate "2007.11.25"]
[SourceQuality "1"]

1. e4 e5 2. Nf3 Nc6 3. Bc4 Bc5 4. c3 Nf6 5. d3 a6 6. Bb3 0-0 7. Nbd2 d6 8. h3 Ne7 9. Nf1 c6 10. g4 Ng6 11. Ng3 Qb6 12. 0-0 d5 13. Qc2 Be6 14. Bg5 Ne8 15. Rae1 f6 16. Bc1 Nc7 17. Nf5 Rfe8 18. Kh2 Rad8 19. N3h4 Rd7 20. Be3 Bxe3 21. Rxe3 Nf4 22. Rg3 dxe4 23. dxe4 Bxb3 24. axb3 Nce6 25. Nf3 Rd3 26. Nd2 Red8 27. Rxd3 Rxd3 28. Ng3 Qd8 29. Nb1 Ng5 30. Re1 Nf3+ 0-1

[Event "Niedersachsen-ch U18"]
[Site "Rotenburg/Wuemme"]
[Date "2007.04.02"]
[Round "3"]
[White "Baisakow, Alexander"]
[Black "Heitmann, Timo"]
[Result "1-0"]
[WhiteElo "2040"]
[BlackElo "1941"]
[PlyCount "39"]
[EventDate "2007.03.31"]
[EventType "swiss"]
[EventRounds "9"]
[EventCountry "GER"]
[SourceTitle "EXT 2008"]
[Source "ChessBase"]
[SourceDate "2007.11.25"]
[SourceVersion "1"]
[SourceVersionDate "2007.11.25"]
[SourceQuality "1"]

1. e4 c5 2. Nf3 e6 3. e5 d5 4. b4 cxb4 5. a3 Nc6 6. axb4 Bxb4 7. c3 Be7 8. d4 f6 9. Bd3 f5 10. 0-0 Nh6 11. c4 Nb4 12. Be2 Nf7 13. Bd2 0-0 14. Qb3 dxc4 15. Bxc4 Nd5 16. Nc3 Nc7 17. d5 exd5 18. Nxd5 Bc5 19. Nxc7 Qxc7 20. e6 1-0

[Event "Niedersachsen-ch U18"]
[Site "Rotenburg/Wuemme"]
[Date "2007.03.31"]
[Round "1"]
[White "Hoolt, Rebekka"]
[Black "Heitmann, Timo"]
[Result "1/2-1/2"]
[WhiteElo "1549"]
[BlackElo "1941"]
[PlyCount "41"]
[EventDate "2007.03.31"]
[EventType "swiss"]
[EventRounds "9"]
[EventCountry "GER"]
[SourceTitle "EXT 2008"]
[Source "ChessBase"]
[SourceDate "2007.11.25"]
[SourceVersion "1"]
[SourceVersionDate "2007.11.25"]
[SourceQuality "1"]

1. e4 e5 2. Bc4 Nc6 3. d3 Nf6 4. Nf3 Bc5 5. Bb3 d6 6. c3 h6 7. Nbd2 0-0 8. 0-0 Re8 9. h3 g5 10. g4 Ne7 11. Re1 Ng6 12. d4 Bb6 13. Bc2 Nf4 14. Kh2 Qd7 15. Nf1 h5 16. Nxg5 hxg4 17. Bxf4 exf4 18. hxg4 Nxg4+ 19. Kg2 Qd8 20. Nh3 Qf6 21. Qf3 1/2-1/2

[Event "Niedersachsen-ch U18"]
[Site "Rotenburg/Wuemme"]
[Date "2006.04.13"]
[Round "7"]
[White "Meurer, Markus"]
[Black "Heitmann, Timo"]
[Result "1/2-1/2"]
[WhiteElo "1754"]
[BlackElo "1955"]
[PlyCount "79"]
[EventDate "2006.04.08"]
[EventType "swiss"]
[EventRounds "9"]
[EventCountry "GER"]
[SourceTitle "EXT 2007"]
[Source "ChessBase"]
[SourceDate "2006.11.23"]
[SourceVersion "1"]
[SourceVersionDate "2006.11.23"]
[SourceQuality "1"]

1. e4 e5 2. Nf3 Nc6 3. d4 exd4 4. Nxd4 Bc5 5. Be3 Qf6 6. c3 Nge7 7. Bc4 Ne5 8. Be2 Qg6 9. 0-0 Qxe4 10. Nd2 Qg6 11. Bh5 Qd3 12. N4f3 Qf5 13. Bxc5 Qxh5 14. Bxe7 Nxf3+ 15. Nxf3 Kxe7 16. Re1+ Kd8 17. Qe2 c6 18. Qe7+ Kc7 19. Rad1 b5 20. Rd6 Re8 21. Rxc6+ Kxc6 22. Qxe8 Kc7 23. Ne5 Qf5 24. Nxd7 Bb7 25. Qe5+ Qxe5 26. Nxe5 Re8 27. Nd3 Rd8 28. Nc5 Rd2 29. Nxb7 Kxb7 30. Re7+ Kb6 31. Kf1 Rxb2 32. Rxf7 Rxa2 33. Rxg7 a5 34. f4 a4 35. Rg8 Kb7 36. Rg7+ Kb6 37. f5 a3 38. Rg8 Kb7 39. Rg7+ Kb6 40. Rg8 1/2-1/2

[Event "Niedersachsen-ch U18"]
[Site "Rotenburg/Wuemme"]
[Date "2006.04.12"]
[Round "6"]
[White "Heitmann, Timo"]
[Black "Schulze, Dorothee"]
[Result "0-1"]
[WhiteElo "1955"]
[BlackElo "1946"]
[PlyCount "50"]
[EventDate "2006.04.08"]
[EventType "swiss"]
[EventRounds "9"]
[EventCountry "GER"]
[SourceTitle "EXT 2007"]
[Source "ChessBase"]
[SourceDate "2006.11.23"]
[SourceVersion "1"]
[SourceVersionDate "2006.11.23"]
[SourceQuality "1"]

1. e4 c5 2. c3 Nf6 3. e5 Nd5 4. d4 cxd4 5. cxd4 Nc6 6. Nf3 d6 7. Bc4 Nb6 8. Bb5 dxe5 9. Nxe5 Bd7 10. Nxd7 Qxd7 11. 0-0 a6 12. Bxc6 Qxc6 13. Nc3 e6 14. Qg4 g6 15. Qh4 Bg7 16. Bh6 0-0 17. Bxg7 Kxg7 18. Ne4 Nd5 19. Ng3 Rac8 20. Qe4 Nf6 21. Qxc6 Rxc6 22. Rac1 Rfc8 23. Ne2 Rc2 24. f3 Nd5 25. Rxc2 Rxc2 0-1

[Event "Niedersachsen-ch U18"]
[Site "Rotenburg/Wuemme"]
[Date "2006.04.11"]
[Round "5"]
[White "Collmann, Jan"]
[Black "Heitmann, Timo"]
[Result "1/2-1/2"]
[WhiteElo "2025"]
[BlackElo "1955"]
[PlyCount "42"]
[EventDate "2006.04.08"]
[EventType "swiss"]
[EventRounds "9"]
[EventCountry "GER"]
[SourceTitle "EXT 2007"]
[Source "ChessBase"]
[SourceDate "2006.11.23"]
[SourceVersion "1"]
[SourceVersionDate "2006.11.23"]
[SourceQuality "1"]

1. e4 e5 2. Nf3 Nc6 3. Bb5 Nd4 4. Bc4 Nxf3+ 5. Qxf3 Qf6 6. Qe2 Bc5 7. 0-0 d6 8. Nc3 c6 9. d3 Be6 10. Bb3 Ne7 11. Be3 Bxe3 12. fxe3 Qg6 13. Bxe6 Qxe6 14. Qh5 0-0 15. Rf3 Qg6 16. Qh4 Rae8 17. Raf1 f5 18. exf5 Rxf5 19. Ne4 d5 20. Ng3 Rxf3 21. Rxf3 Qe6 1/2-1/2

[Event "Niedersachsen-ch"]
[Site "Verden"]
[Date "2006.01.06"]
[Round "3"]
[White "Schneider, Waldemar"]
[Black "Heitmann, Timo"]
[Result "0-1"]
[WhiteElo "1505"]
[BlackElo "1973"]
[PlyCount "94"]
[EventDate "2006.01.??"]
[EventType "swiss"]
[EventRounds "7"]
[EventCountry "GER"]
[SourceTitle "CBM 110 Extra"]
[Source "ChessBase"]
[SourceDate "2006.03.10"]
[SourceVersion "2"]
[SourceVersionDate "2006.03.10"]
[SourceQuality "1"]

1. e4 e5 2. f4 exf4 3. Nf3 Nf6 4. e5 Nh5 5. Be2 d6 6. d4 Bg4 7. Nc3 Bxf3 8. Bxf3 Qh4+ 9. Ke2 c6 10. Qe1 Qg5 11. g4 dxe5 12. Ne4 Qe7 13. dxe5 Qxe5 14. gxh5 f5 15. Qc3 Qb5+ 16. Kf2 fxe4 17. Bxe4 Qc5+ 18. Qxc5 Bxc5+ 19. Kf3 0-0 20. Bd2 Nd7 21. h4 Ne5+ 22. Kg2 f3+ 23. Kg3 f2 24. b4 Bb6 25. Bf4 Rae8 26. Rhf1 Nc4 27. Bd3 Nb2 28. Bd6 Rf7 29. Bc5 Bxc5 30. bxc5 Nxd3 31. cxd3 Re3+ 32. Kg2 Rxd3 33. Rxf2 Rxf2+ 34. Kxf2 Rd5 35. Rb1 Rxc5 36. Rxb7 Rc2+ 37. Ke3 Rxa2 38. Rc7 a5 39. Rxc6 a4 40. Rc8+ Kf7 41. Rc7+ Ke6 42. Rxg7 Ra1 43. Rxh7 a3 44. Ra7 a2 45. Ra6+ Kf7 46. Kf2 Rh1 47. Kg2 a1Q 0-1

[Event "Lueneburg distr-chB"]
[Site "Buxtehude"]
[Date "2005.10.16"]
[Round "2"]
[White "Heitmann, Timo"]
[Black "Sturm, Frank"]
[Result "1-0"]
[WhiteElo "1760"]
[BlackElo "1754"]
[PlyCount "35"]
[EventDate "2005.10.15"]
[EventType "swiss"]
[EventRounds "9"]
[EventCountry "GER"]
[SourceTitle "EXT 2008"]
[Source "ChessBase"]
[SourceDate "2007.11.25"]
[SourceVersion "1"]
[SourceVersionDate "2007.11.25"]
[SourceQuality "1"]

1. e4 e5 2. Nf3 Nc6 3. Bc4 Bc5 4. c3 Nf6 5. d4 exd4 6. cxd4 Bb4+ 7. Nc3 0-0 8. e5 Ne4 9. Qc2 d5 10. Bd3 Bg4 11. Be3 f5 12. h3 Bh5 13. g4 fxg4 14. hxg4 Bxg4 15. Nh2 Qh4 16. Bxe4 Bf3 17. Bxf3 Rxf3 18. 0-0-0 1-0

[Event "Niedersachsen-ch U16"]
[Site "Rotenburg/Wuemme"]
[Date "2005.03.20"]
[Round "3"]
[White "Schiborr, Corinna"]
[Black "Heitmann, Timo"]
[Result "0-1"]
[WhiteElo "1419"]
[BlackElo "1498"]
[PlyCount "96"]
[EventDate "2005.03.19"]
[EventType "swiss"]
[EventRounds "9"]
[EventCountry "GER"]
[SourceTitle "EXT 2007"]
[Source "ChessBase"]
[SourceDate "2006.11.23"]
[SourceVersion "1"]
[SourceVersionDate "2006.11.23"]
[SourceQuality "1"]

1. e4 e5 2. Nf3 Nc6 3. Bc4 Bc5 4. Nc3 d6 5. d3 Na5 6. Bb3 Nxb3 7. axb3 h6 8. h3 f5 9. exf5 Bxf5 10. Qe2 Ne7 11. Ne4 Bb6 12. 0-0 0-0 13. Ng3 Bd7 14. Be3 Ng6 15. Bxb6 cxb6 16. d4 Nf4 17. Qe3 Bc6 18. Ne1 exd4 19. Qxd4 Qh4 20. Qc3 Nxg2 21. Qc4+ Qxc4 22. bxc4 Nf4 23. Kh2 Bd7 24. Rd1 Bxh3 25. Rg1 Rad8 26. Rd2 Be6 27. b3 Nh3 28. Rf1 Ng5 29. f4 Nh7 30. f5 Bf7 31. Ng2 d5 32. cxd5 Rxd5 33. Rfd1 Rfd8 34. Rxd5 Rxd5 35. Rxd5 Bxd5 36. Nf4 Bf3 37. Nf1 Nf6 38. Kg3 Bd1 39. Ne3 Nh5+ 40. Kf2 Nxf4 41. Nxd1 Nd5 42. Kf3 Kf7 43. Ke4 Nc7 44. Kf4 b5 45. c3 b4 46. c4 b5 47. cxb5 Nxb5 48. Ke4 Nc3+ 0-1

[Event "Niedersachsen-ch U16"]
[Site "Borkum"]
[Date "2004.04.05"]
[Round "4"]
[White "Heitmann, Timo"]
[Black "Henseler, Jasmin"]
[Result "1/2-1/2"]
[WhiteElo "1336"]
[BlackElo "1248"]
[PlyCount "35"]
[EventDate "2004.04.??"]
[EventType "swiss"]
[EventRounds "9"]
[EventCountry "GER"]
[SourceTitle "EXT 2005"]
[Source "ChessBase"]
[SourceDate "2004.11.15"]
[SourceVersion "1"]
[SourceVersionDate "2004.11.15"]
[SourceQuality "1"]

1. e4 e5 2. Nf3 Nc6 3. Bc4 Bc5 4. c3 d6 5. d4 Bb6 6. h3 Nf6 7. Bg5 h6 8. Bxf6 Qxf6 9. d5 Ne7 10. Nbd2 g5 11. Qe2 Bd7 12. 0-0-0 c6 13. Ne1 Qxf2 14. Qxf2 Bxf2 15. dxc6 Bxc6 16. Rf1 Bxe1 17. Bxf7+ Kd7 18. Rdxe1 1/2-1/2

[Event "Niedersachsen-ch U16"]
[Site "Borkum"]
[Date "2004.04.04"]
[Round "2"]
[White "Heitmann, Timo"]
[Black "Collmann, Jan"]
[Result "0-1"]
[WhiteElo "1336"]
[BlackElo "1595"]
[PlyCount "80"]
[EventDate "2004.04.??"]
[EventType "swiss"]
[EventRounds "9"]
[EventCountry "GER"]
[SourceTitle "EXT 2005"]
[Source "ChessBase"]
[SourceDate "2004.11.15"]
[SourceVersion "1"]
[SourceVersionDate "2004.11.15"]
[SourceQuality "1"]

1. e4 e6 2. d4 d5 3. Nd2 Nf6 4. e5 Nfd7 5. Bd3 c5 6. c3 Nc6 7. Ne2 cxd4 8. cxd4 f6 9. exf6 Nxf6 10. Nf3 Bd6 11. 0-0 Qc7 12. Nc3 a6 13. Bg5 0-0 14. Rc1 Bd7 15. a3 Be8 16. Qe2 Qe7 17. Rfe1 Bf7 18. Qd2 Qc7 19. Bxf6 gxf6 20. Qh6 Be8 21. Rxe6 Bf4 22. Bxh7+ Qxh7 23. Qxf4 Bh5 24. g4 Qg7 25. h3 f5 26. Qh6 Bf7 27. Qxg7+ Kxg7 28. Rd6 fxg4 29. hxg4 Rae8 30. Rd7 Kg8 31. Rxb7 Be6 32. Nh2 Nxd4 33. Rd1 Nf3+ 34. Nxf3 Bxg4 35. Rb6 Bxf3 36. Rd3 Rf7 37. Nxd5 Re1+ 38. Kh2 Rh1+ 39. Kg3 Rg1+ 40. Kh2 Rg2+ 0-1